| 000 | 006980000a22001690004500 | ||
|---|---|---|---|
| 005 | 20240605093926.0 | ||
| 008 | 230817t1996 ||||| |||| 00| 0 eng d | ||
| 082 |
_a305.42 _bNON |
||
| 110 | _aNGO Forum on women | ||
| 245 |
_a Look at the world through women's eyes : _b NGO forum on women = Foro de ONG sobre la mujer = Forum des ONG sur les femmes : Beijing '95 : 30 August-8 September : final report |
||
| 260 |
_bBeijing: _aThe Forum?, _c1996 |
||
| 300 | _a96 p. : ill. ; 28 cm | ||
| 650 | _aWomen- Economic conditions- Congresses | ||
| 650 | _aWomen- Social conditions | ||
| 856 | _uhttps://archivio.women.it/wp-content/uploads/sites/5/2023/05/forum_95_final_report_web_OCR.pdf | ||
| 942 | _cBK | ||
| 999 |
_c3051 _d3051 |
||